Beyond community care : normalisation and integration work
Saved in:
| Other Authors: | |
|---|---|
| Format: | Book |
| Language: | English |
| Published: |
Houndmills :
Palgrave,
1991.
|
| Series: | Issues in mental health
|
| Subjects: | |
| Tags: |
Add Tag
No Tags, Be the first to tag this record!
|
MARC
| LEADER | 00000nam a2200000 a 4500 | ||
|---|---|---|---|
| 001 | 1/107142 | ||
| 008 | 150625t1991####enk|||||||||||||| ||eng|| | ||
| 020 | |a 0333514017 | ||
| 040 | |a GR-MyUa |b gre |c GR-MyUa |e AACR2 | ||
| 041 | 0 | |a eng | |
| 082 | 7 | |a 362.22 |2 (23) | |
| 245 | 0 | 0 | |a Beyond community care : |b normalisation and integration work / |c edited by Shulamit Ramon. |
| 260 | |a Houndmills : |b Palgrave, |c 1991. | ||
| 300 | |a a xvii, 202 σ. ; |c 23 εκ. | ||
| 490 | 0 | |a (Issues in mental health series) | |
| 504 | |a Περιέχει βιβλιογραφικές αναφορές και ευρετήριο. | ||
| 650 | 0 | |a Mental health services. | |
| 650 | 0 | |a Community mental health services. | |
| 700 | 1 | |a Ramon, Shulamit, |d 1939- |e edt | |
| 830 | 0 | |a Issues in mental health | |
| 852 | |a INST |b LESVOS |c BK |e 20150625 |h 362.22 ΒΕΥ |p 005100056669 |q 005100056669 |t BK |y 0 | ||
| 922 | |a 1ΕΛΗ |b 2015-04 |c Τμήμα Κοινωνικής Ανθρωπολογίας και Ιστορίας |d Διαδρομές | ||
| 970 | |a Καμάτσου |b Δέσποινα |z 25-06-2015 | ||